[Event "11th European Senior"]
[Site "Courmayeur ITA"]
[Date "2011.04.07"]
[Round "2.16"]
[White "Lederman,L"]
[Black "Bayer,W"]
[Result "1-0"]
[WhiteElo "2266"]
[BlackElo "2073"]

1.e4 c5 2.Nf3 Nc6 3.Nc3 g6 4.Bc4 e6 5.d4 cxd4 6.Nxd4 a6 7.Be3 Bg7 8.Qd2 Nge7
9.O-O-O d5 10.exd5 exd5 11.Bb3 O-O 12.Nce2 Be6 13.h4 Ne5 14.f3 Nc4 15.Bxc4 dxc4
16.Nxe6 fxe6 17.Qb4 Nd5 18.Qxc4 Qa5 19.Bd4 Rac8 20.Qb3 Bh6+ 21.Kb1 Rfe8 22.h5 g5
23.Ng3 Rc6 24.Ne4 Bg7 25.Bxg7 Kxg7 26.h6+ Kg6 27.a3 Rec8 28.Qd3 Nf4 29.Qd4 e5
30.Qd7 Qc7 31.Qg4 Rxc2 32.Qxg5+ Kf7 33.Qg7+ Ke6 34.Qf6+  1-0

[Event "11th European Senior"]
[Site "Courmayeur ITA"]
[Date "2011.04.07"]
[Round "2.22"]
[White "Sinelnikov,I"]
[Black "Squarci,F"]
[Result "1-0"]
[WhiteElo "2190"]
[BlackElo "1777"]

1.e4 c5 2.Nf3 Nc6 3.Nc3 e6 4.g3 Nf6 5.Bg2 Be7 6.O-O O-O 7.d4 cxd4 8.Nxd4 a6
9.Be3 Ne5 10.Qe2 d6 11.Kh1 Bd7 12.f4 Nc6 13.Nb3 Qc7 14.g4 Rac8 15.g5 Ne8
16.f5 Ne5 17.Nd4 Nc4 18.Bc1 b5 19.Bh3 e5 20.Nd5 Qd8 21.f6 Bxf6 22.Bxd7 Qxd7
23.gxf6 gxf6 24.Nf5 Kh8 25.Nde7 Ng7 26.Bh6 Nxf5 27.Nxf5 Rg8 28.Rg1 Rg6 29.Bg7+ Rxg7
30.Rxg7 Qb7 31.Rxh7+ Kxh7 32.Qh5+ Kg8 33.Rg1+  1-0

[Event "11th European Senior"]
[Site "Courmayeur ITA"]
[Date "2011.04.07"]
[Round "2.5"]
[White "Kupreichik,V"]
[Black "Barlocco,C"]
[Result "1-0"]
[WhiteElo "2431"]
[BlackElo "2162"]

1.e4 c5 2.Nc3 Nc6 3.Nf3 g6 4.d4 cxd4 5.Nxd4 Bg7 6.Be3 Nf6 7.Bc4 O-O 8.Bb3 d5
9.exd5 Na5 10.Nf3 Nxb3 11.axb3 b6 12.Qd2 Bb7 13.O-O-O Qd6 14.Rhe1 Rfd8 15.Bg5 Rac8
16.Qe3 Rd7 17.Ne5 Rdc7 18.Nc4 Qb4 19.Rd4 h6 20.Bxh6 Nxd5 21.Nxd5 Bxd4 22.Nxb4 Bxe3+
23.Nxe3 e5 24.Bg5 a5 25.Nbd5 Bxd5 26.Nxd5 Rxc2+ 27.Kb1 Kg7 28.Nxb6 R8c7 29.Nd5 Rc8
30.Be3 a4 31.bxa4 R2c4 32.Nb6  1-0

[Event "Karposh Open"]
[Site "Skopje MKD"]
[Date "2011.04.08"]
[Round "8"]
[White "Smith,Bry"]
[Black "Vasovski,N"]
[Result "1-0"]
[WhiteElo "2466"]
[BlackElo "2308"]

1.e4 c5 2.Nc3 Nc6 3.Bb5 g6 4.Bxc6 dxc6 5.f4 Bg7 6.Nf3 Nf6 7.O-O Nd7 8.d3 Nf8
9.Qe1 Ne6 10.f5 Nd4 11.Nxd4 cxd4 12.Ne2 e6 13.f6 Bf8 14.e5 c5 15.Qh4 h6 16.b4 Qd5
17.Bd2 Qxe5 18.Rae1 Qc7 19.bxc5 Bxc5 20.Kh1 Bd7 21.Nxd4 g5 22.Qg4 O-O-O 23.Nf3 Bd6
24.Bb4 Bf4 25.Qh5 Be8 26.Re4 Kb8 27.Rc4 Qb6 28.Rxf4 gxf4 29.Ba5 Qb5 30.Qxb5 Bxb5
31.Bxd8 Rxd8 32.Ne5 Be8 33.Rxf4 Rd5 34.Nf3 Rb5 35.h3 Rb2 36.Rg4 Rxc2 37.Rg8 Rc8
38.Ne5 b5 39.Rf8 b4 40.Nxf7 Bxf7 41.Rxf7 Rc1+ 42.Kh2 Rf1 43.g4 a5 44.Kg2 Rf4
45.Kg3 Rf1 46.h4 a4 47.Rd7 b3 48.axb3 a3 49.Rd4 a2 50.Ra4 a1=Q 51.Rxa1 Rxa1
52.g5 hxg5 53.hxg5 Rf1 54.Kg4 Kc7 55.Kh5 Rf5 56.Kh6 Kd7 57.g6 Ke8 58.Kg7  1-0

[Event "TCh-NED"]
[Site "Netherlands NED"]
[Date "2011.04.09"]
[Round "8.3"]
[White "Kleijn,C"]
[Black "Spoelman,W"]
[Result "1/2-1/2"]
[WhiteElo "2427"]
[BlackElo "2538"]

1.e4 c5 2.Nf3 Nc6 3.Nc3 d6 4.d4 cxd4 5.Nxd4 Nf6 6.Bg5 e6 7.Qd2 Qb6 8.O-O-O Qxd4
9.Qxd4 Nxd4 10.Rxd4 a6 11.f3 Be7 12.Bc4 Bd7 13.Rhd1 Bc6 14.Bh4 O-O-O 15.Bg3 Ne8
16.Bb3 h5 17.R4d3 h4 18.Bf4 Rg8 19.h3 g5 20.Bh2 Nf6 21.Bxd6 Bxd6 22.Rxd6 Nh5
23.Rxd8+ Rxd8 24.Rxd8+ Kxd8 25.Ne2 Kc7  1/2-1/2

[Event "TCh-NED"]
[Site "Netherlands NED"]
[Date "2011.04.09"]
[Round "8.5"]
[White "Broekmeulen,Ja"]
[Black "Nijboer,F"]
[Result "1-0"]
[WhiteElo "2371"]
[BlackElo "2582"]

1.e4 c5 2.Nf3 Nc6 3.Nc3 d6 4.d4 cxd4 5.Nxd4 Nf6 6.h3 e5 7.Nde2 Be6 8.f4 Nh5
9.Qd3 exf4 10.Bxf4 Be7 11.O-O-O Nxf4 12.Nxf4 O-O 13.Kb1 Ne5 14.Qd4 a6 15.Be2 Re8
16.Ncd5 Bf8 17.h4 b5 18.h5 h6 19.Rhg1 Rc8 20.g4 Kh8 21.Rg3 Nd7 22.g5 hxg5
23.h6 Bxd5 24.Rh1 Kg8 25.Ng6 Nf6 26.h7+ Nxh7 27.Rxh7 Kxh7 28.Rh3+  1-0

[Event "11th European Senior"]
[Site "Courmayeur ITA"]
[Date "2011.04.14"]
[Round "9.49"]
[White "Bogatto,M"]
[Black "Lisandri,L"]
[Result "1-0"]
[WhiteElo "1446"]
[BlackElo "1448"]

1.e4 c5 2.Nc3 Nc6 3.Nf3 e6 4.d3 Be7 5.Be3 d6 6.Be2 Qc7 7.d4 cxd4 8.Nxd4 Nxd4
9.Bxd4 Bf6 10.Bb5+ Bd7 11.Bxd7+ Qxd7 12.Bxf6 Nxf6 13.Qf3 e5 14.h3 Rc8 15.O-O-O O-O
16.g4 Qc6 17.Rd3 Rfd8 18.Rhd1 b5 19.R1d2 b4 20.Nd5 Nxd5 21.exd5 Qa6 22.Kb1 Qb5
23.Qe2 Rc5 24.f3 Rdc8 25.Qd1 h5 26.b3 e4 27.fxe4  1-0

[Event "ch-SRB w 2011"]
[Site "Belgrade SRB"]
[Date "2011.04.15"]
[Round "5"]
[White "Eric,J"]
[Black "Panic,A"]
[Result "1-0"]
[WhiteElo "2230"]
[BlackElo "1894"]

1.e4 c5 2.Nf3 Nc6 3.Nc3 g6 4.d4 cxd4 5.Nxd4 Bg7 6.Nb3 Nf6 7.Be2 d6 8.O-O O-O
9.Bg5 Be6 10.Kh1 Nd7 11.f4 f5 12.exf5 gxf5 13.Qe1 Nf6 14.Bd3 Qc8 15.Nb5 Bxb3
16.cxb3 a6 17.Bc4+ d5 18.Bxf6 dxc4 19.Bxg7 Kxg7 20.Qc3+ Rf6 21.Na3 cxb3 22.Qxb3 b5
23.Rac1 Qe6 24.Qf3 Rc8 25.Nc2 Rd8 26.a3 Nd4 27.Qg3+ Rg6 28.Nxd4 Rxd4 29.Rce1 Re4
30.Qc3+ Kf7 31.h3 Rxe1 32.Rxe1 Qd5 33.Qc2 Rc6 34.Qe2 Qd6 35.b4 Qe6 36.Qf2 Qf6
37.Re5 Rc4 38.Qd2 Re4 39.Qd5+ e6 40.Qb7+ Kg6 41.Rxe4 fxe4 42.Qxe4+ Qf5 43.Qxf5+ Kxf5
44.g3 Ke4 45.Kg2 Kd4 46.Kf3 Kc3 47.g4 Kd4 48.f5 exf5 49.gxf5 Ke5 50.Kg4 Kf6
51.Kf4  1-0

[Event "ch-USA GpB"]
[Site "Saint Louis USA"]
[Date "2011.04.15"]
[Round "1"]
[White "Christiansen,L"]
[Black "Shabalov,A"]
[Result "1-0"]
[WhiteElo "2586"]
[BlackElo "2590"]

1.e4 c5 2.Nc3 Nc6 3.Nf3 g6 4.d4 cxd4 5.Nxd4 Bg7 6.Be3 Nf6 7.Bc4 O-O 8.Bb3 d6
9.f3 Bd7 10.Qd2 Nxd4 11.Bxd4 b5 12.O-O a5 13.a3 Bc6 14.Rad1 Rc8 15.Qf2 Nd7
16.Ne2 Bb7 17.Bxg7 Kxg7 18.Nd4 Qb6 19.e5 d5 20.f4 e6 21.Kh1 Ba6 22.Rfe1 Nc5
23.Re3 Qd8 24.h3 Qe7 25.c3 Ne4 26.Qe1 Rc5 27.Bc2 Rfc8 28.Bxe4 dxe4 29.b4 Rc4
30.Qg3 Kh8 31.Nb3 axb4 32.axb4 Bb7 33.Rd6 R4c7 34.Nd4 Bc6 35.Kh2 Be8 36.Qe1 Rd8
37.Rxd8 Qxd8 38.Rxe4 Qd5 39.Re3 Bc6 40.Qg3 Bb7 41.Qg5 Rc8 42.Rg3 Kg8 43.h4 h6
44.Qxh6 Rxc3 45.Nxe6  1-0

[Event "Branko Vukmanovic Mem Open"]
[Site "Tivat MNE"]
[Date "2011.04.16"]
[Round "1.24"]
[White "Stamatovic,V"]
[Black "Radovanovic,J"]
[Result "0-1"]
[WhiteElo "1845"]
[BlackElo "2299"]

1.e4 c5 2.Nf3 Nc6 3.Nc3 d6 4.Bc4 Nf6 5.d4 cxd4 6.Nxd4 Qb6 7.Nb3 e6 8.Be3 Qc7
9.O-O Be7 10.f4 O-O 11.Qe2 a6 12.a4 Nb4 13.Rad1 d5 14.exd5 exd5 15.Bxd5 Nbxd5
16.Nxd5 Nxd5 17.Rxd5 Be6 18.Re5 Bc4 19.Qg4 Bxf1 20.Kxf1 Bf6 21.Rc5 Qe7 22.Kf2 Rfe8
23.Qf3 Rad8 24.g4 Bh4+ 25.Ke2 Qd7 26.Kf1 Rxe3  0-1

[Event "ch-FRA u20b"]
[Site "Montlucon FRA"]
[Date "2011.04.17"]
[Round "1.3"]
[White "Sochacki,W"]
[Black "Podvin,F"]
[Result "1-0"]
[WhiteElo "2294"]
[BlackElo "2000"]

1.Nc3 c5 2.e4 Nc6 3.Nge2 Nf6 4.g3 d5 5.exd5 Nxd5 6.Bg2 Nc7 7.O-O e5 8.f4 exf4
9.Nxf4 Be7 10.d3 O-O 11.Be3 Ne6 12.Ncd5 Nxf4 13.Nxe7+ Nxe7 14.Bxf4 Nd5 15.Bd2 Be6
16.Qh5 Rc8 17.Bg5 Qd7 18.Rae1 f6 19.Bc1 Qf7 20.Qd1 Nb6 21.c4 Rcd8 22.Qc2 Kh8
23.Be3 Nd7 24.Bxb7 Ne5 25.Be4 Bh3 26.Rf4 g5 27.Rf2 Ng4 28.Bxc5 Nxf2 29.Qxf2 Rfe8
30.Bd4 Kg7 31.Bc3 Rd6 32.Qc5  1-0

[Event "TCh-SUI 2011"]
[Site "Switzerland SUI"]
[Date "2011.04.17"]
[Round "3.1"]
[White "Gaehler,M"]
[Black "Sermier,G"]
[Result "1/2-1/2"]
[WhiteElo "2341"]
[BlackElo "2421"]

1.e4 c5 2.Nc3 Nc6 3.Bb5 Nd4 4.Bc4 e6 5.Nf3 a6 6.a4 Nf6 7.O-O d5 8.exd5 exd5
9.Ba2 Bg4 10.Qe1+ Be7 11.Nxd4 cxd4 12.Ne2 O-O 13.h3 Bd7 14.Bb1 Re8 15.Qd1 Bc5
16.c3 Qe7 17.Nxd4 Bxd4 18.cxd4 Qb4 19.d3 Qxd4 20.Qb3 Bc6 21.Qc3 Qh4 22.d4 Ne4
23.Qf3 Re6 24.Qf4 Qe7 25.f3 Nf6 26.Bf5 Re1 27.Bd2 Rxf1+ 28.Kxf1 Nh5 29.Qg4 g6
30.Bd3 Bd7 31.Qg5 Qxg5 32.Bxg5 f6 33.Bd2 Ng3+ 34.Kf2 Nf5 35.Bc3 Kf7 36.g4 Nd6
37.Bb4 Ne8 38.Re1 Be6 39.h4 Ng7 40.h5 gxh5 41.gxh5 Nxh5 42.Rh1 Ng7 43.Rxh7 Rd8
44.Ba5 Rd7 45.Bb6 Kg8 46.b4 Nf5 47.Rh1 Nd6 48.Bc5 Bf5 49.Be2 Nc4 50.a5 Rh7
51.Rg1+ Kf7 52.Rg2 Rg7 53.Rh2 Rh7 54.Rg2 Rg7 55.Rh2  1/2-1/2

[Event "ch-SRB w 2011"]
[Site "Belgrade SRB"]
[Date "2011.04.18"]
[Round "7"]
[White "Brankov,Kri"]
[Black "Panic,A"]
[Result "0-1"]
[WhiteElo "1898"]
[BlackElo "1894"]

1.e4 c5 2.Nc3 Nc6 3.Bb5 g6 4.Bxc6 dxc6 5.d3 Bg7 6.Be3 b6 7.Qd2 e5 8.Nge2 Nf6
9.Bh6 O-O 10.Bxg7 Kxg7 11.Ng3 Be6 12.f4 exf4 13.Qxf4 c4 14.O-O-O cxd3 15.h4 Qb8
16.e5 Ng4 17.Rde1 f6 18.exf6+ Rxf6 19.Qg5 Qxg3 20.Rhf1 Qxg2 21.cxd3 Rxf1
22.Qe7+ Bf7  0-1

[Event "XLII Abierto Internacional"]
[Site "Mar del Plata ARG"]
[Date "2011.04.18"]
[Round "4.7"]
[White "Fusco,L"]
[Black "Bustamante,Loeni"]
[Result "1-0"]
[WhiteElo "2371"]
[BlackElo "2147"]

1.e4 c5 2.Nf3 Nc6 3.Nc3 Nf6 4.d4 cxd4 5.Nxd4 d6 6.Bg5 e6 7.Qd2 h6 8.Bxf6 gxf6
9.O-O-O a6 10.f4 Bd7 11.Be2 h5 12.Rhf1 Qb6 13.Nb3 O-O-O 14.Rf3 Be7 15.Rh3 h4
16.Qe1 Na5 17.Nxa5 Qxa5 18.Rxh4 Rxh4 19.Qxh4 b5 20.Qh5 Be8 21.Kb1 Qb6 22.Bd3 Kb8
23.h4 Rc8 24.Ne2 f5 25.exf5 Qc5 26.Qh7 Bf6 27.Qh6 Bxb2 28.Kxb2 Qb4+ 29.Ka1  1-0

[Event "ch-FRA u20b"]
[Site "Montlucon FRA"]
[Date "2011.04.18"]
[Round "3.4"]
[White "Sochacki,W"]
[Black "Auvray,S"]
[Result "1-0"]
[WhiteElo "2294"]
[BlackElo "2065"]

1.e4 c5 2.Nc3 Nc6 3.Nge2 e6 4.g3 Nf6 5.Bg2 Be7 6.O-O O-O 7.h3 d6 8.Kh2 Rb8
9.a4 a6 10.d4 cxd4 11.Nxd4 Qc7 12.f4 e5 13.Nde2 Rd8 14.Be3 Bf8 15.f5 Ne7
16.g4 h6 17.a5 Qc6 18.Bb6 Rd7 19.Nd5 Nexd5 20.exd5 Qb5 21.Nc3 Qxb2 22.Qd2  1-0

[Event "60th ch-BUL w Final"]
[Site "Bankya BUL"]
[Date "2011.04.19"]
[Round "9.3"]
[White "Sirkova,D"]
[Black "Chilingirova,P"]
[Result "1/2-1/2"]
[WhiteElo "2101"]
[BlackElo "2141"]

1.e4 c5 2.Nc3 Nc6 3.Nge2 e5 4.Nd5 Nf6 5.Nec3 d6 6.Bc4 Nxd5 7.Bxd5 Be7 8.O-O O-O
9.d3 Rb8 10.a4 Nd4 11.f4 exf4 12.Bxf4 Bf6 13.Rf2 Ne6 14.Be3 Nc7 15.d4 b6
16.Bc4 Be6 17.Nd5 Nxd5 18.exd5 Bd7 19.c3 cxd4 20.cxd4 Bg5 21.Ra3 Re8 22.Bxg5 Qxg5
23.Rg3 Qe7 24.Qh5 Rbc8 25.b3 g6 26.Qh6 Qf8 27.Qd2 Qg7 28.h4 Re4 29.h5 Rxd4
30.Qg5 Rd1+ 31.Bf1 Qd4 32.hxg6 hxg6 33.Re3 Qxd5 34.Qe7 Re8 35.Qxd7 Rxe3 36.Qd8+ Kg7
37.Qf6+ Kh6 38.Qh8+ Kg5 39.Qf6+ Kh6 40.Qh8+ Kg5 41.Qf6+ Kh6  1/2-1/2

[Event "ch-Americas Continental"]
[Site "Toluca MEX"]
[Date "2011.04.19"]
[Round "1"]
[White "Mercado Garcia,F"]
[Black "Felgaer,R"]
[Result "0-1"]
[WhiteElo "2102"]
[BlackElo "2577"]

1.e4 c5 2.Nc3 Nc6 3.Nf3 e6 4.Bc4 a6 5.a4 Nf6 6.d3 d5 7.exd5 exd5 8.Bb3 Be7
9.O-O O-O 10.Bg5 Be6 11.Re1 h6 12.Bh4 Re8 13.Bg3 c4 14.dxc4 dxc4 15.Ba2 Bb4
16.Ne5 Bxc3 17.bxc3 Qxd1 18.Raxd1 Nxe5 19.Bxe5 Nd7 20.a5 Nxe5 21.Rxe5 Rac8
22.Rd4 Kf8 23.Kf1 f6 24.Re3 Rc5 25.Ke1 Bd5 26.Rxe8+ Kxe8 27.g3 Ke7 28.Kd2 Kd6
29.Ke3 Kc6 30.h4 g5 31.hxg5 hxg5 32.f4 Rxa5 33.Bxc4 Bxc4 34.Rxc4+ Rc5 35.Kd4 Rxc4+
36.Kxc4 gxf4 37.gxf4 a5 38.f5 b5+ 39.Kb3 Kc5 40.c4 a4+  0-1

[Event "ch-SRB w 2011"]
[Site "Belgrade SRB"]
[Date "2011.04.20"]
[Round "9"]
[White "Eric,J"]
[Black "Maksimovic,S"]
[Result "1-0"]
[WhiteElo "2230"]
[BlackElo "2203"]

1.e4 c5 2.Nf3 Nc6 3.Nc3 e5 4.Bc4 Be7 5.d3 Nf6 6.Ng5 O-O 7.f4 d5 8.exd5 Nd4
9.O-O exf4 10.Bxf4 b5 11.Nxb5 Bg4 12.Qd2 Ne2+ 13.Kh1 Nxd5 14.Bxd5 Nxf4 15.Qxf4 Qxd5
16.Qxg4 Qxg5 17.Qxg5 Bxg5 18.Rf5 Bf6 19.Rxc5 Bxb2 20.Rb1 Rae8 21.h3 Bf6 22.Nxa7 Bd4
23.Rc7 Re2 24.Nc6 Bf2 25.a4 g6 26.Rf1 Kg7 27.c4 Rd2 28.d4 Re8 29.Ne5 Rxd4
30.Rxf2 Rxe5 31.Rfxf7+ Kh6 32.Rxh7+ Kg5 33.Rhd7 Re1+ 34.Kh2 Rf4 35.Rd5+ Kh6
36.Rc6  1-0

[Event "9th V Nabokov IM"]
[Site "Kyiv UKR"]
[Date "2011.04.20"]
[Round "3.5"]
[White "Ogleznev,A"]
[Black "Matorin,E"]
[Result "1-0"]
[WhiteElo "2313"]
[BlackElo "2224"]

1.e4 c5 2.Nf3 Nc6 3.Nc3 g6 4.d4 cxd4 5.Nxd4 Bg7 6.Be3 Nf6 7.Bc4 Ng4 8.Qxg4 Nxd4
9.Qd1 Nc6 10.Qd2 Qa5 11.O-O O-O 12.a3 Ne5 13.Be2 d6 14.Nd5 Qd8 15.Bd4 Be6
16.Ne3 Bd7 17.f4 Nc6 18.Bxg7 Kxg7 19.Kh1 Rc8 20.Rad1 Be8 21.Bg4 Rb8 22.Rf3 f6
23.Rh3 Bf7 24.Qf2 Rh8 25.Nd5 h5 26.Be2 Rc8 27.c4 b6 28.b4 Nb8 29.e5 fxe5
30.fxe5 dxe5 31.Qg3 Nd7 32.Ne3 Kf8 33.Bg4 e6 34.Rf1 Qe7 35.Be2 Rg8 36.Qf2 Rg7
37.Bd3 Kg8 38.Be4 Rf8 39.Rf3 Be8 40.Rxf8+ Qxf8 41.Qg3 Qd6 42.Rd1 Qc7 43.Qg5 a5
44.h3 axb4 45.axb4 Nf8 46.Rd8 Kf7 47.Nd5 exd5 48.Bxd5+ Ne6 49.Bxe6+ Kxe6
50.Rxe8+ Kd7 51.Rxe5 Qxc4 52.Rd5+ Kc8 53.Rd6 Qxb4 54.Qd5 Kb8 55.Rd8+ Kc7
56.Ra8 Qb1+ 57.Kh2 b5 58.Ra7+ Kb6 59.Qd4+  1-0

[Event "9th V Nabokov IM"]
[Site "Kyiv UKR"]
[Date "2011.04.20"]
[Round "3.3"]
[White "Kernazhitsky,L"]
[Black "Koziak,V"]
[Result "0-1"]
[WhiteElo "2342"]
[BlackElo "2471"]

1.e4 c5 2.Nc3 Nc6 3.Bb5 Nd4 4.Bc4 Nf6 5.d3 g6 6.Nge2 Bg7 7.O-O O-O 8.Nxd4 cxd4
9.Ne2 d5 10.exd5 Nxd5 11.Bd2 e5 12.c3 dxc3 13.Nxc3 Nb6 14.Be3 Bf5 15.Qb3 Bxd3
16.Bxd3 Qxd3 17.Bxb6 axb6 18.Rfd1 Qa6 19.Rd6 e4 20.Rxb6 Qa5 21.Rb5 Qa6 22.Rxb7 Bxc3
23.bxc3 e3 24.fxe3 Qe2 25.Qb2 Qxe3+ 26.Qf2 Qxc3 27.Rf1 Qc4 28.Ra7 Rae8 29.Qf4 Re4
30.Qc7 Qd4+ 31.Kh1 Qf2  0-1

[Event "Joao Braga Open"]
[Site "Sao Paolo BRA"]
[Date "2011.04.20"]
[Round "1.14"]
[White "Rodi,L"]
[Black "de Carvalho,Igor Lorenzon"]
[Result "1-0"]
[WhiteElo "2359"]
[BlackElo "1877"]

1.e4 c5 2.Nc3 Nc6 3.Bb5 Nd4 4.Bc4 d6 5.Nf3 Bg4 6.Nxd4 Bxd1 7.Bb5+ Qd7 8.Kxd1 cxd4
9.Bxd7+ Kxd7 10.Ne2 e5 11.c3 Nf6 12.f3 dxc3 13.dxc3 d5 14.Ng3 dxe4 15.fxe4 Bc5
16.Ke2 Ke6 17.Bg5 h6 18.Bxf6 Kxf6 19.Rad1 Rhd8 20.Rhf1+ Ke7 21.b4 Bb6 22.Nf5+ Kf8
23.Nd6 Rd7 24.Rd5 Rad8 25.Rfd1 f6 26.Nxb7 Rxb7 27.Rxd8+ Bxd8 28.Rxd8+ Ke7
29.Rd5 Rb6 30.a4 Ke6 31.Kd3 f5 32.b5 Rb7 33.c4 fxe4+ 34.Kxe4 Rf7 35.Rxe5+ Kd7
36.Rf5 Re7+ 37.Kd5 Re2 38.Rf7+ Ke8 39.Rxg7 Rd2+ 40.Kc6 Ra2 41.Rxa7 Rxg2 42.b6 Rg6+
43.Kb5 Rg5+ 44.c5 Rg1 45.a5 Rb1+ 46.Kc6 h5 47.a6 h4 48.Rh7  1-0

[Event "Branko Vukmanovic Mem Open"]
[Site "Tivat MNE"]
[Date "2011.04.20"]
[Round "5.9"]
[White "Draganic,V"]
[Black "Krivokapic,M"]
[Result "1/2-1/2"]
[WhiteElo "2286"]
[BlackElo "2426"]

1.e4 c5 2.Nc3 Nc6 3.Nf3 d6 4.d4 cxd4 5.Nxd4 Nf6 6.Bg5 e6 7.Qd2 a6 8.O-O-O Bd7
9.f4 Be7 10.Nf3 b5 11.e5 b4 12.exf6 bxc3 13.Qxc3 gxf6 14.Bh4 Rg8 15.a3 d5
16.f5 Rc8 17.fxe6 fxe6 18.Qd3 Rg7 19.g3 Na5 20.Bh3 Qb6 21.Rhe1 Nb3+ 22.Kb1 Nc5
23.Qe3 Rb8 24.Qd4 Rg6 25.Re3 Kf7 26.Rf1 Kg8 27.Nd2 Ne4 28.Qxb6 Nxd2+ 29.Kc1 Rxb6
30.Kxd2 Kf7 31.b4 a5 32.bxa5 Ra6 33.Rfe1 Rg8 34.Rb3 Rga8 35.Rf3 Rf8 36.Rfe3 Bc8
37.Rc3 Kg6 38.Bf1 Rxa5 39.Bd3+ Kf7 40.Rc7 Rd8 41.Bxf6 Bd7 42.Bxe7 Kxe7 43.Rb1 Rxa3
44.Rb6 Raa8 45.Ke3 Rac8 46.Ra7 Ra8 47.Rab7 Ra3 48.Kd4 Kf6 49.Bxh7 Rc8 50.Bd3 Bc6
51.Rh7 e5+ 52.Kc5 e4 53.Bb5 Kg6 54.Rh4 Rc3+ 55.Kd4 Rxc2 56.Rxc6+ R8xc6 57.Bxc6 Rxc6
58.Kxd5 Rc2 59.Rg4+ Kh5 60.h3 e3 61.Kd4 e2 62.Re4 Rd2+ 63.Kc3 Ra2 64.Kb3 Rd2
65.Kc3 Ra2 66.g4+ Kh4 67.Kd3 Kxh3 68.g5 Ra5 69.Re3+ Kh4  1/2-1/2

[Event "ch-SRB w 2011"]
[Site "Belgrade SRB"]
[Date "2011.04.22"]
[Round "11"]
[White "Brankov,Kri"]
[Black "Maksimovic,S"]
[Result "0-1"]
[WhiteElo "1898"]
[BlackElo "2203"]

1.e4 c5 2.Nc3 Nc6 3.Bb5 Nd4 4.Bc4 g6 5.Nf3 Bg7 6.Nxd4 cxd4 7.Qf3 Nh6 8.d3 O-O
9.Ne2 d6 10.Bxh6 Bxh6 11.Nxd4 Bg7 12.c3 Bxd4 13.cxd4 Qa5+ 14.Kf1 Qb6 15.Qe3 Qxb2
16.Re1 Be6 17.d5 Bd7 18.h4 b5 19.Bb3 Rfc8 20.h5 Qg7 21.h6 Qf6 22.d4 b4 23.e5 Qf5
24.g3 Rc3 25.Qe4 a5 26.e6 Bb5+ 27.Kg1 Qxe4 28.exf7+ Kf8 29.Rxe4 a4 30.Bd1 Bc4
31.f3 Bxd5 32.Rhh4 b3 33.axb3 a3 34.Reg4 Bxf7 35.d5 a2 36.Ra4 a1=Q  0-1

[Event "Doeberl Cup Premier"]
[Site "Canberra AUS"]
[Date "2011.04.22"]
[Round "3.9"]
[White "Ly,Mo"]
[Black "Sandler,L"]
[Result "1-0"]
[WhiteElo "2381"]
[BlackElo "2303"]

1.e4 c5 2.Nc3 Nc6 3.Bb5 Na5 4.Nf3 a6 5.Be2 d6 6.d4 cxd4 7.Nxd4 Nf6 8.O-O e6
9.f4 Qc7 10.Kh1 b5 11.e5 dxe5 12.fxe5 Qxe5 13.Bf3 Bb7 14.Bf4 Qc5 15.Nb3 Nxb3
16.axb3 Qc8 17.Qd3 Bxf3 18.Qxf3 Be7 19.Nxb5 O-O 20.Nd4 Nd5 21.Be5 Bf6 22.Bxf6 Nxf6
23.c3 Rd8 24.Ra5 Rd7 25.Rg5 Nd5 26.c4 Nc7 27.Nc6 f5 28.g4 h6 29.Rg6 fxg4
30.Rxg4 Qe8 31.Ne5 Re7 32.Rf4 g5 33.Rf6  1-0

[Event "34th Open"]
[Site "Donostia ESP"]
[Date "2011.04.22"]
[Round "8"]
[White "Dgebuadze,A"]
[Black "Etchegaray,P"]
[Result "1/2-1/2"]
[WhiteElo "2544"]
[BlackElo "2394"]

1.e4 c5 2.Nc3 Nc6 3.Nf3 Nf6 4.Bb5 Qc7 5.Bxc6 dxc6 6.h3 e5 7.d3 Be7 8.O-O h6
9.Nh2 g5 10.Qe2 Be6 11.a3 Rg8 12.g4 h5 13.f3 Nd7 14.Nd1 Nf8 15.Ne3 Ng6  1/2-1/2

[Event "34th Open"]
[Site "Donostia ESP"]
[Date "2011.04.22"]
[Round "8"]
[White "Venkatesh,M"]
[Black "Franco Alonso,A"]
[Result "1-0"]
[WhiteElo "2455"]
[BlackElo "2489"]

1.e4 c5 2.Nc3 Nc6 3.Bb5 Nd4 4.Bc4 e6 5.Nge2 Ne7 6.O-O Nec6 7.d3 Be7 8.f4 O-O
9.Ng3 f5 10.a3 g6 11.Be3 b6 12.Nce2 Nxe2+ 13.Qxe2 d5 14.Ba2 Qd6 15.Rae1 Bd7
16.Qf3 d4 17.Bd2 Kh8 18.Re2 Rae8 19.Nh1 fxe4 20.Qxe4 Nd8 21.Qf3 Bc6 22.Qh3 Bd5
23.Bc4 Rf7 24.Nf2 Ref8 25.Rfe1 Qc6 26.Ng4 Bd6 27.Ne5 Bxe5 28.Rxe5 Bxc4 29.dxc4 Rf5
30.R5e4 g5 31.g4 R5f7 32.fxg5 Kg8 33.g6 hxg6 34.Bh6 Rh7 35.Qh4 Qe8 36.Qg5 Rf3
37.Rxe6 Nxe6 38.Rxe6 Rf1+ 39.Kxf1 Rf7+ 40.Rf6 Qe4 41.Rxf7 Qh1+ 42.Ke2 Kxf7
43.Qd5+  1-0

[Event "Dhamso Open"]
[Site "Ambalangoda SRI"]
[Date "2011.04.23"]
[Round "5"]
[White "Annurudha,G"]
[Black "Abhishek,D"]
[Result "1-0"]
[WhiteElo "2140"]
[BlackElo "2346"]

1.e4 c5 2.Nf3 Nc6 3.Nc3 Nf6 4.Bb5 Qc7 5.O-O Nd4 6.a4 a6 7.Bc4 d6 8.Ne1 g6
9.d3 Bg7 10.Bg5 e6 11.f4 O-O 12.g4 Bd7 13.Ng2 b5 14.Bb3 b4 15.Nb1 Bc6 16.Nd2 Nd7
17.Rb1 Nxb3 18.cxb3 f5 19.Qe2 Rae8 20.Nc4 d5 21.Nd2 e5 22.gxf5 gxf5 23.exf5 Rxf5
24.Qg4 Rf7 25.f5 Kh8 26.Nh4 Nf6 27.Qh3 Qd7 28.Rbe1 e4 29.dxe4 Nxe4 30.Nxe4 dxe4
31.Be3 Bd4 32.Kh1 Rg7 33.Rg1 Bxe3 34.Qxe3 Qd4 35.Rg3 Rxg3 36.hxg3 Qxe3 37.Rxe3 Rd8
38.g4 Rd2 39.f6 Rxb2 40.Nf5 Bd5 41.Ne7 Bb7 42.g5 Rf2 43.Kg1 Rf4 44.Rg3 Rf3
45.Rg4 Rh3 46.g6 hxg6 47.Nxg6+ Kh7 48.Nf4 Rh6 49.Rg7+ Kh8 50.Ng6+ Rxg6+ 51.Rxg6 Bd5
52.Rg3 c4 53.bxc4 Bxc4 54.Rg7 e3 55.Rg4 Bd5 56.Rxb4 Kg8 57.Rb6 Bc4 58.Rb7 Kf8
59.Rc7 Bb3 60.a5 Bd1 61.Re7 Bg4 62.Kf1 Bh5 63.Ke1 Bg4 64.Ra7  1-0

[Event "15th Neckar Open"]
[Site "Deizisau GER"]
[Date "2011.04.23"]
[Round "4"]
[White "Burg,T"]
[Black "Bacrot,E"]
[Result "1-0"]
[WhiteElo "2432"]
[BlackElo "2718"]

1.e4 c5 2.Nc3 Nc6 3.Nge2 g6 4.d4 cxd4 5.Nxd4 Bg7 6.Be3 Nf6 7.Bc4 Qa5 8.O-O O-O
9.Bb3 d6 10.h3 Bd7 11.Re1 Rfc8 12.f4 Be8 13.Qf3 Nd7 14.Rad1 Nc5 15.Qf2 Nxb3
16.axb3 Nb4 17.Rd2 Qc7 18.Nde2 b5 19.Bd4 e5 20.Be3 a5 21.f5 f6 22.g4 a4 23.Ng3 a3
24.bxa3 Qxc3 25.axb4 Ra2 26.Ree2 Qxb4 27.Kh2 Ra1 28.g5 fxg5 29.Bxg5 Bf8 30.fxg6 hxg6
31.Qf6 Qc5 32.Rf2 Bg7 33.Qe6+ Kh7 34.Bf6 Ra7 35.Bxg7 Rxg7 36.Qf6 Rf7 37.Qh4+ Kg8
38.Rg2 Rh7 39.Qg5 Qb4 40.Rdf2 Rcc7 41.Qd8  1-0

[Event "17th Asian Cities"]
[Site "Jakarta INA"]
[Date "2011.04.23"]
[Round "2.1"]
[White "Li Chao2"]
[Black "Stany,G"]
[Result "1-0"]
[WhiteElo "2646"]
[BlackElo "2407"]

1.e4 c5 2.Nf3 Nc6 3.Nc3 Nf6 4.Bb5 g6 5.h3 Bg7 6.e5 Ng8 7.Bxc6 dxc6 8.d3 Nh6
9.Be3 b6 10.g4 f6 11.Qd2 Nf7 12.O-O-O fxe5 13.Ne4 Be6 14.c4 h6 15.Qc3 Rg8
16.Rde1 Qc7 17.Qc2 O-O-O 18.Bd2 Qd7 19.Qa4 Kb7 20.Be3 h5 21.Nfd2 Nd6 22.Nxc5+ bxc5
23.Nb3 Ka8 24.Nxc5 Qc8 25.Nxe6 Rd7 26.gxh5 gxh5 27.Reg1 Nf5 28.Rg5 Nxe3 29.fxe3 Bh6
30.Rxg8 Bxe3+ 31.Kb1 Qxg8 32.Qxc6+ Rb7 33.Rf1  1-0

[Event "9th V Nabokov IM"]
[Site "Kyiv UKR"]
[Date "2011.04.23"]
[Round "6.5"]
[White "Dolzhikova,K"]
[Black "Kernazhitsky,L"]
[Result "1/2-1/2"]
[WhiteElo "2265"]
[BlackElo "2342"]

1.e4 c5 2.Ne2 Nc6 3.Nbc3 e6 4.g3 d5 5.exd5 exd5 6.Bg2 d4 7.Nd5 Nf6 8.Nef4 Nxd5
9.Nxd5 Bd6 10.O-O O-O 11.d3 Be6 12.Nf4 Bxf4 13.Bxf4 Bd5 14.Qh5 Bxg2 15.Kxg2 b6
16.a3 Qd7 17.Rae1 Rfe8 18.Qf3 h6 19.h4 Re6 20.Qg4 Qd5+ 21.Kh2 h5 22.Qd1 Rae8
23.Rxe6 Rxe6 24.Re1 Ne5  1/2-1/2

[Event "Oberhausen Easter Open"]
[Site "Oberhausen GER"]
[Date "2011.04.23"]
[Round "3.7"]
[White "Van Assendelft,F"]
[Black "Aulich,M"]
[Result "1-0"]
[WhiteElo "2356"]
[BlackElo "2111"]

1.e4 c5 2.Nf3 Nc6 3.Nc3 Nf6 4.d4 cxd4 5.Nxd4 e5 6.Ndb5 d6 7.Nd5 Nxd5 8.exd5 Nb8
9.c4 Be7 10.Be2 O-O 11.O-O a6 12.Nc3 f5 13.Kh1 Bf6 14.a4 Nd7 15.a5 e4 16.f4 exf3
17.gxf3 Be5 18.f4 Bxc3 19.bxc3 Re8 20.Bf3 Nf6 21.Qd4 Ng4 22.Ba3 Qh4 23.Bxg4 fxg4
24.f5 Qg5 25.Qf4 Qxf4 26.Rxf4 Rf8 27.Bxd6 Rxf5 28.Re4 Bd7 29.Re7 Rf7 30.Rxf7 Kxf7
31.Rb1 Bf5 32.Rxb7+ Kf6 33.Rc7 Re8 34.Bc5 Be4+ 35.Kg1 Bf3 36.Bd4+ Kg6 37.d6 Re1+
38.Kf2 Re2+ 39.Kf1  1-0

[Event "Joao Braga Open"]
[Site "Sao Paolo BRA"]
[Date "2011.04.23"]
[Round "7.2"]
[White "Fier,A"]
[Black "Cubas,Jo"]
[Result "0-1"]
[WhiteElo "2586"]
[BlackElo "2463"]

1.e4 c5 2.Nf3 Nc6 3.Nc3 e5 4.Bc4 Be7 5.d3 d6 6.O-O Nf6 7.Ng5 O-O 8.f4 Bg4
9.Qe1 exf4 10.Bxf4 h6 11.Nf3 Bxf3 12.Rxf3 Nd4 13.Rh3 Nh7 14.Qf2 Bg5 15.Bxg5 Qxg5
16.Nd1 Nf6 17.Ne3 b5 18.c3 bxc4 19.Rg3 Qf4 20.cxd4 Qxf2+ 21.Kxf2 cxd3 22.Kf3 Rae8
23.Nf5 Nxe4 24.Rxg7+ Kh8 25.Rg4 Ng5+ 26.Kf2 Re2+ 27.Kf1 Rfe8 28.Ng3 Rc2 29.Rd1 Ree2
30.Rf4 Rxg2 31.Re1 Nh3 32.Re8+ Kh7  0-1

[Event "Technomont IM 2011"]
[Site "Frydek Mistek CZE"]
[Date "2011.04.24"]
[Round "7"]
[White "Novotny,M1"]
[Black "Sadzikowski,D"]
[Result "0-1"]
[WhiteElo "2321"]
[BlackElo "2366"]

1.e4 c5 2.Nf3 Nc6 3.Nc3 g6 4.Bc4 Bg7 5.Ng5 e6 6.f4 h6 7.Nf3 Nge7 8.O-O d5
9.Bb5 dxe4 10.Nxe4 a6 11.Bxc6+ Nxc6 12.d3 O-O 13.Qe1 b6 14.Bd2 f5 15.Nc3 Kh7
16.Qg3 Nd4 17.Nxd4 cxd4 18.Ne2 Bb7 19.c4 dxc3 20.Bxc3 Qd5 21.Bxg7 Kxg7 22.Nc3 Qd4+
23.Kh1 Rad8 24.Rfe1 Qxd3 25.Qh4 Qd6 26.Re3 Qc6 27.Rg3 Rd2 28.Rg1 Rf7 29.Ne2 Rxe2
30.Qh5 Qxg2+  0-1